| 000 | 00444nam a22001697a 4500 | ||
|---|---|---|---|
| 005 | 20180711105652.0 | ||
| 008 | 160618b xxu||||| |||| 00| 0 eng d | ||
| 020 | _a81-259-1082-4 | ||
| 041 | _aeng | ||
| 082 |
_b8112 _a658.15 |
||
| 100 |
_aPandey, I.M. _94515 |
||
| 245 | _aFinancial management exercies solutions | ||
| 260 |
_aNew Delhi _bVikas Publishing House (P) Ltd. _c2001 |
||
| 300 | _a168P, | ||
| 650 |
_aManagement _9241 |
||
| 942 | _cBK | ||
| 999 |
_c3079 _d3078 |
||